Biblioteca

Buddhism / (Registro nro. 65676)

Detalles MARC
000 -LÍDER
Campo fijo de descripción fija 01509cam a2200337 i 4500
001 - NÚMERO DE CONTROL
Campo de control 768714001
003 - IDENTIFICADOR DEL NÚMERO DE CONTROL
Campo de control CO-MdFUSB
005 - FECHA Y HORA DE LA ULTIMA TRANSACCIÓN
control field 20201021110114.0
007 - CAMPO FIJO DE DESCRIPCIÓN FIJA--INFORMACIÓN GENERAL
Campo fijo de descripción fija ta
008 - ELEMENTOS DE LONGITUD FIJA -- INFORMACIÓN GENERAL
Campo fijo de descripción fija -- Información general 791113t19901951enkacf b 001 0 eng d
020 ## - NÚMERO INTERNACIONAL NORMALIZADO PARA LIBROS
Número Internacional Normalizado del libro 0140202285
Información adicional paperback
040 ## - FUENTE DE CATALOGACIÓN
Agencia de catalogación original VVT
Idioma de catalogación eng
Agencia que realiza la transcripción CO-MdFUSB
Agencia que realiza la modificación PIT
-- CO-MdFUSB
-- MUQ
-- LML
Convenciones de la descripción rda
041 ## - CÓDIGO DE IDIOMA
Código de idioma para texto/pista de sonido o título separado eng
082 ## - NÚMERO DE CLASIFICACIÓN DECIMAL DEWEY
Número de la edición del Dewey 23
Número de clasificación 294.3
Clave de autor-Numero de item H927
100 1# - ASIENTO PRINCIPAL--NOMBRE PERSONAL
Nombre personal Humphreys, Christmas,
Fechas asociadas con el nombre 1901-1983.
Término relacionador autor
245 10 - TÍTULO
Título del Material Buddhism /
Mención de responsabilidad, etc. Christmas Humphreys.
250 ## - MENCIÓN DE EDICIÓN
Mención de edición Tercera edición
264 #3 - PRODUCCIÓN, PUBLICACIÓN, DISTRIBUCIÓN, MANUFACTURA, Y COPYRIGHT
Lugar de producción, publicación, distribución, manufactura Inglaterra
Nombre del productor, publicador, distribuidor Penguin Books,
Fecha de producción, publicación, distribución, manufactura, o copyright [1990]
264 #4 - PRODUCCIÓN, PUBLICACIÓN, DISTRIBUCIÓN, MANUFACTURA, Y COPYRIGHT
Fecha de producción, publicación, distribución, manufactura, o copyright ©1990
300 ## - DESCRIPCIÓN FÍSICA
Extensión 256 páginas :
Otros detalles físicos ilustraciones, retratos ;
Dimensiones 18 cm.
336 ## - TIPO DE CONTENIDO
Término de tipo de contenido texto
Código de tipo de contenido txt
Fuente rdacontent.
337 ## - TIPO DE MEDIO
Nombre del tipo de medio sin mediación
Código del tipo de medio n
Fuente rdamedia.
338 ## - TIPO DE SOPORTE
Nombre del tipo de soporte volumen
Código Tipo de soporte nc
Fuente rdacarrier.
490 ## - MENCIÓN DE SERIE
Mención de serie Pelican Original
504 ## - NOTA DE BIBLIOGRAFÍA, ETC.
Nota de bibliografía, etc Incluye referencias bibliográficas [247-252)
505 ## - NOTA DE CONTENIDO
Nota de contenido con formato preestablecido La vida del Buda. -- El ministerio - El surgimiento de las dos escuelas -La difusión del budismo - Budismo Theravada I: Los tres signos del ser -Budismo Theravada II: Las cuatro nobles verdades -Budismo Theravada III: Karma y renacimiento -Budismo Theravada IV: El noble camino óctuple - Budismo Theravada V: Los cuatro caminos y la meta - La Sangha - Algunos principios Mahayana - El ideal del Bodhisattva y las escuelas de tierra pura - escuelas del Mahayana - Budismo zen - Budismo<br/>tibetano -Los frutos del budismo - Budismo hoy.<br/>
653 ## - TÉRMINO DE INDIZACIÓN - NO CONTROLADO
Término no controlado Budismo
942 ## - TIPO DE MATERIAL (KOHA)
Tipo de Item KOHA Libros General
945 ## - INFORMACIÓN LOCAL DEL REGISTRO
Catalogador JTF-925
Existencias
Estado de Material Estado de Perdido Forma de Clasificación Estado de Dañado No para Préstamo Colección Biblioteca de Origen Biblioteca Permanente Fecha de Adquisición Forma de Adquisición Área Total de Préstamos Signatura Topográfica Código de Barras Última vez visto Ejemplar/Existencia Fecha de Remplazo Tipo de Material
    Dewey Decimal Classification     Colección General Biblioteca FUSBC Biblioteca FUSBC 16/04/2020 Donación Nottingham RELIGIÓN - RELIGIONES   G 294.3 H927b 9354 16/04/2020 Ej.1 16/04/2020 Libros General

Biblioteca FUSBC | Teléfono: (57+4) 349 88 10 Ext. 141| WhatsApp (+57) 3005338115 
E-mail: biblioteca@unisbc.edu.co | Calle 76 87-14 Robledo Palenque, Medellín, Colombia

Con tecnología Koha